Netzwerkprotokolle hacken : Sicherheislücken verstehen, analysieren und schützen /

Bibliographic Details
Main Author: Forshaw, James (Author)
Other Authors: Klicman, Peter (Translator)
Format: eBook
Language:German
Published: Heidelberg : Dpunkt.verlag, [2018]
Edition:1. Auflage.
Subjects:
Online Access:Connect to the full text of this electronic book

MARC

Tag First Indicator Second Indicator Subfields
LEADER 00000cam a2200000 i 4500
001 in00004668313
006 m o d
007 cr unu||||||||
008 180809s2018 gw a ob 001 0 ger d
005 20260128181052.5
020 |z 9783864905698 
035 |a (OCoLC)1048260520 
037 |a CL0500000984  |b Safari Books Online 
040 |a UMI  |b eng  |e rda  |e pn  |c UMI  |d OCLCF  |d OCLCQ  |d OCLCO  |d OCLCQ 
041 1 |a ger  |h eng 
049 |a TXAM 
050 4 |a TK5105.55 
100 1 |a Forshaw, James,  |e author. 
245 1 0 |a Netzwerkprotokolle hacken :  |b Sicherheislücken verstehen, analysieren und schützen /  |c James Forshaw ; Übersetzung aus dem Amerikanischen von Peter Klicman. 
250 |a 1. Auflage. 
264 1 |a Heidelberg :  |b Dpunkt.verlag,  |c [2018] 
264 4 |c ©2018 
300 |a 1 online resource (1 volume) :  |b illustrations 
336 |a text  |b txt  |2 rdacontent 
337 |a computer  |b c  |2 rdamedia 
338 |a online resource  |b cr  |2 rdacarrier 
588 0 |a Online resource; title from title page (Safari, viewed August 7, 2018). 
500 |a Originally published in English under title: Attacking network protocols : a hacker's guide to capture, analysis and exploitation by No Starch Press, ©2017. Cf. Title page verso. 
504 |a Includes bibliographical references and index. 
650 0 |a Computer network protocols. 
650 0 |a Computer networks  |x Security measures. 
650 6 |a Protocoles de réseaux d'ordinateurs. 
650 6 |a Réseaux d'ordinateurs  |x Sécurité  |x Mesures. 
650 7 |a Computer network protocols.  |2 fast  |0 (OCoLC)fst00872279 
650 7 |a Computer networks  |x Security measures.  |2 fast  |0 (OCoLC)fst00872341 
700 1 |a Klicman, Peter,  |e translator. 
700 1 2 |i Translation of:  |a Forshaw, James.  |t Attacking network protocols.  |l German. 
856 4 0 |u https://proxy.library.tamu.edu/login?url=https://go.oreilly.com/TAMU/library/view/-/9781492068631/?ar  |z Connect to the full text of this electronic book  |t 0 
955 |a Safari/O'Reilly ebooks 
994 |a 92  |b TXA 
999 f f |s 6bd636c2-840d-41bb-8bcb-d3f4d95b9f5a  |i 9c436cd1-73dd-454f-87ff-282adc8dfc06  |t 0 
952 f f |a Texas A&M University  |b College Station  |c Electronic Resources  |s www_evans  |d Available Online  |t 0  |e TK5105.55   |h Library of Congress classification 
998 f f |a TK5105.55   |t 0  |l Available Online